Giáo trình vẽ kỹ thuật : Sách dùng cho các trường đào tạo hệ Cao đẳng
Sách được biên soạn theo các tiêu chuẩn Việt Nam hiện hành kết hợp với các tiêu chuẩn quốc tế có liên quan và được viết theo quan điểm mở để các trường tuỳ theo ngành đào tạo mà điều chỉnh cho thích hợp với qui định của khung chương tri...
Đã lưu trong:
| Hovedforfatter: | |
|---|---|
| Format: | Bog |
| Sprog: | Undetermined |
| Udgivet: |
Hà Nội
Giáo dục
2007
|
| Fag: | |
| Tags: |
Tilføj Tag
Ingen Tags, Vær først til at tagge denne postø!
|
| Thư viện lưu trữ: | Trung tâm Học liệu Trường Đại học Cần Thơ |
|---|
| LEADER | 01076nam a2200217Ia 4500 | ||
|---|---|---|---|
| 001 | CTU_133469 | ||
| 008 | 210402s9999 xx 000 0 und d | ||
| 020 | |c 17000 | ||
| 082 | |a 604.2 | ||
| 082 | |b Qu250 | ||
| 100 | |a Trần, Hữu Quế | ||
| 245 | 0 | |a Giáo trình vẽ kỹ thuật : | |
| 245 | 0 | |b Sách dùng cho các trường đào tạo hệ Cao đẳng | |
| 245 | 0 | |c Trần Hữu Quế, Nguyễn Văn Tuấn | |
| 260 | |a Hà Nội | ||
| 260 | |b Giáo dục | ||
| 260 | |c 2007 | ||
| 520 | |a Sách được biên soạn theo các tiêu chuẩn Việt Nam hiện hành kết hợp với các tiêu chuẩn quốc tế có liên quan và được viết theo quan điểm mở để các trường tuỳ theo ngành đào tạo mà điều chỉnh cho thích hợp với qui định của khung chương trình. | ||
| 650 | |a Mechanical drawing,Engineeing design,Vẽ kỹ thuật | ||
| 904 | |i Trọng Hải | ||
| 980 | |a Trung tâm Học liệu Trường Đại học Cần Thơ | ||